Modeling of Digital Twin Multifunction Protection Relay (Record no. 28535)
[ view plain ]
| 000 -LEADER | |
|---|---|
| fixed length control field | 00491nam a2200133Ia 4500 |
| 008 - FIXED-LENGTH DATA ELEMENTS--GENERAL INFORMATION | |
| fixed length control field | 250506s9999 xx 000 0 und d |
| 024 ## - OTHER STANDARD IDENTIFIER | |
| Standard number or code | 15B-11-EL, 15B-130-EL, 15B-159-EL & 15B-160-EL |
| 082 ## - DEWEY DECIMAL CLASSIFICATION NUMBER | |
| Classification number | 621.317072 HAM |
| 100 ## - MAIN ENTRY--PERSONAL NAME | |
| Personal name | Hamza Rais, Badar-U-Ddin Khan jamali, Abdul Moiz Ghauri & Muhammad Zeeshan Zafar |
| 245 #0 - TITLE STATEMENT | |
| Title | Modeling of Digital Twin Multifunction Protection Relay |
| 260 ## - PUBLICATION, DISTRIBUTION, ETC. | |
| Place of publication, distribution, etc. | Karachi: |
| Name of publisher, distributor, etc. | UIT, |
| Date of publication, distribution, etc. | 2015 |
| 600 ## - SUBJECT ADDED ENTRY--PERSONAL NAME | |
| Personal name | Power Engineering |
| 650 ## - SUBJECT ADDED ENTRY--TOPICAL TERM | |
| Topical term or geographic name entry element | Bachelor of Engineering (BE) |
| Withdrawn status | Lost status | Damaged status | Not for loan | Collection | Home library | Current library | Date acquired | Total checkouts | Full call number | Barcode | Date last seen | Date last checked out | Price effective from | Koha item type |
|---|---|---|---|---|---|---|---|---|---|---|---|---|---|---|
| PR-Power Engineering | UITU Library | UITU Library | 07/26/2022 | 1 | 621.317072 HAM | PE-19 | 01/02/2026 | 12/23/2025 | 05/06/2025 | Project Report |

